Statistics for Every English Football League Club Ever

Click here to take the quiz!

General Stats

  • This quiz has been taken 4,208 times
    (3,038 since last reset)
  • The average score is 77 of 144

Answer Stats

Answer% Correct
Arsenal
96%
Aston Villa
92%
Manchester City
91%
Manchester United
91%
Chelsea
89%
Liverpool
89%
Everton
87%
Newcastle United
87%
West Ham United
87%
Tottenham Hotspur
86%
Brighton & Hove Albion
85%
Queens Park Rangers
84%
Wolverhampton Wanderers
84%
Ipswich Town
83%
Leicester City
82%
Southampton
82%
Burnley
81%
Cardiff City
81%
Fulham
81%
Norwich City
81%
Nottingham Forest
81%
Sunderland
81%
AFC Bournemouth
80%
Birmingham City
80%
Portsmouth
80%
Swansea City
80%
Derby County
79%
Sheffield United
79%
Crystal Palace
78%
Hull City
78%
Blackburn Rovers
77%
Brentford
77%
Sheffield Wednesday
77%
Leeds United
76%
AFC Wimbledon
75%
Blackpool
75%
Bolton Wanderers
75%
Bristol City
74%
Oxford United
74%
Plymouth Argyle
74%
Accrington
73%
Luton Town
73%
Stoke City
73%
Watford
73%
Bristol Rovers
71%
Reading
71%
Huddersfield Town
70%
West Bromwich Albion
70%
Barnsley
69%
Oldham Athletic
69%
Coventry City
68%
Exeter City
68%
Notts County
68%
Cambridge United
67%
Middlesbrough
67%
Preston North End
67%
Yeovil Town
67%
Charlton Athletic
66%
Swindon Town
64%
Millwall
63%
Carlisle United
62%
Northampton Town
62%
Gillingham
61%
Lincoln City
61%
Doncaster Rovers
60%
Wigan Athletic
60%
Wrexham
60%
York City
60%
Bradford City
59%
MK Dons
59%
Newport County
59%
Peterborough United
59%
Tranmere Rovers
59%
Chester City
58%
Colchester United
58%
Grimsby Town
57%
Wycombe Wanderers
57%
Bury
56%
Hartlepool United
56%
Leyton Orient
56%
Port Vale
55%
Salford City
55%
Crewe Alexandra
54%
Forest Green Rovers
54%
Cheltenham Town
53%
Mansfield Town
53%
Walsall
52%
Morecambe
50%
Fleetwood Town
49%
Southend United
49%
Scunthorpe United
48%
Stockport County
48%
Rochdale
47%
Barrow
46%
Burton Albion
46%
Chesterfield
46%
Crawley Town
46%
Rotherham United
46%
Harrogate Town
45%
Shrewsbury Town
45%
Stevenage
45%
Macclesfield Town
44%
Sutton United
43%
Torquay United
43%
Aldershot
42%
Kidderminster Harriers
41%
Dagenham & Redbridge
39%
Darlington
39%
Barnet
37%
Halifax Town
36%
Hereford United
35%
Bradford Park Avenue
29%
Gateshead / South Shields
29%
Southport
26%
Boston United
25%
Leeds City
25%
Maidstone United
23%
Scarborough
23%
Rushden & Diamonds
22%
Accrington Stanley
16%
Durham City
15%
Burton United
14%
Rotherham County
14%
Rotherham Town
14%
Workington
14%
Burton Swifts
12%
Wigan Borough
12%
Northwich Victoria
11%
Burton Wanderers
10%
Gainsborough Trinity
10%
Loughborough
9%
Glossop North End
8%
Merthyr Town
8%
Thames
8%
Aberdare Town
7%
Aldershot Town
7%
New Brighton
7%
Bootle
6%
Darwin
6%
Middlesbrough Ironopolis
6%
Nelson
6%
New Brighton Tower
6%
Ashington
5%
Stalybridge Celtic
5%

Score Distribution

Percentile by Number Answered

Percent of People with Each Score

Your Score History

You have not taken this quiz since the last reset